|
|
|
|
| LEADER |
00000nab a2200000 a 4500 |
| 001 |
vtls000024571 |
| 003 |
SK-MaSNL |
| 005 |
20260304060811.0 |
| 008 |
250422c1979 xo 0 slo |
| 015 |
|
|
|a SNBRB19rr/mm-uuuuu
|
| 035 |
|
|
|a CL0034665
|
| 035 |
|
|
|a urn:nbn:sk:snk-abdjvq
|
| 035 |
|
|
|a (urnnbn)urn:nbn:sk:snk:ar-0015tt
|
| 035 |
|
|
|a (uuid)542546b6-0935-4754-8417-4035add0b3e7
|
| 040 |
|
|
|a SNKBUCL
|b slo
|c SNKBUCL
|e AACR2
|
| 041 |
0 |
|
|a slo
|
| 044 |
|
|
|a xo
|c SK
|
| 080 |
|
|
|a 791.4
|2 1981
|
| 100 |
1 |
|
|a Mihálik, Peter
|4 aut
|9 279034
|
| 245 |
1 |
0 |
|a Spätná väzba
|c Peter Mihálik
|
| 630 |
0 |
7 |
|a Spätná väzba (film)
|2 snkbucl
|9 1344492
|
| 650 |
0 |
7 |
|a sovietske filmy
|2 snkbucl
|9 441149
|
| 655 |
|
7 |
|a recenzie
|2 snkbucl
|9 21907
|
| 655 |
|
7 |
|a články z novín a časopisov
|2 snkbucl
|9 267496
|
| 773 |
0 |
|
|t Film a divadlo
|g Roč. 13, č. 6 (1979), s. 16-17
|
| 850 |
|
|
|a Slovenská národná knižnica
|
| 852 |
|
|
|a Slovenská národná knižnica
|
| 954 |
|
|
|a odborná, vedecká literatúra pôvodná (slovenská)
|2 lita
|
| 958 |
|
|
|a article19
|
| 958 |
|
|
|a OND
|
| 958 |
|
|
|a RK
|
| 958 |
|
|
|a SK
|
| 958 |
|
|
|a EUIPO
|
| 992 |
|
|
|a RBX
|
| 999 |
|
|
|c 2730113
|d 2732043
|